| 000 | 00518nam a2200229Ia 4500 | ||
|---|---|---|---|
| 003 | OSt | ||
| 005 | 20220924142611.0 | ||
| 006 | a|||||r|||| 00| 0 | ||
| 007 | ta | ||
| 008 | ASM | ||
| 024 | _a302600 | ||
| 037 | _cTextual | ||
| 040 |
_aARTS _cARTS _bASM |
||
| 041 |
_2ASM _aASM |
||
| 082 | _aV2y7N00, 158N2 | ||
| 100 | _aBarua | ||
| 245 | 0 | _aKarmojogi prafula Chandra Barua | |
| 260 | _c1972 | ||
| 650 | _aHISTORY | ||
| 942 |
_hV2y7N00, 158N2 _cTEXL _2CC |
||
| 999 |
_c451289 _d451289 |
||